000 00461nam a22001457a 4500
005 20250904120521.0
008 250904b |||||||| |||| 00| 0 eng d
100 _aNGUGI ELIJAH NDEGWA
245 _aEFFECTS OF INVENTORY MANAGEMANT SYSTEMS ON PERFORMANCE OF MANUFACTURING COMPANIES IN ELDORET TOWN, KENYA
260 _aKISII
_bKISII UNIVERSITY
_c2020
300 _aXV
500 _aINCLUDES AN INDEX
650 _aMANUFACTURING INDUSTRIES
942 _2lcc
_cREF
999 _c216070
_d216070